Desarrollo de estrategias de conservación, restauración y manejo sostenible de los páramos, subpáramos y selvas altoandinas del nororiente colombiano (Registro nro. 5289)
[ vista simple ]
| 000 -CABECERA | |
|---|---|
| Campo de control | 00939nam a2200217 a 4500 |
| 005 - FECHA Y HORA DE LA ULTIMA TRANSACCION | |
| Campo de control | 20151215050437.0 |
| 008 - ELEMENTOS DE LONGITUD FIJA—INFORMACION GENERAL | |
| Campo de control | 140319b2005 ck ||||| |||| 00| 0 spa d |
| 040 ## - FUENTE DE CATALOGACIÓN | |
| Agencia catalogadora original | CO-BoIAVH |
| Agencia transcriptora | CO-BoIAVH |
| 041 ## - IDIOMA | |
| Código de idioma para texto/pista de sonido o título separado | Español |
| 044 ## - PAÍS DE PUBLICACIÓN | |
| País de publicación | Colombia |
| 082 04 - NUMERO DE CLASIFICACION DECIMAL DEWEY | |
| Número de clasificación | 577.687 |
| Número del ítem | D44d |
| 090 ## - CLASIFICACIÓN LOCAL | |
| Colección | LB |
| Consecutivo | 04629 |
| 110 2# - ASIENTO PRINCIPAL--NOMBRE CORPORATIVO | |
| Unidad subordinad | Corporación Autónoma Regional para la Defensa de la Meseta de Bucaramanga |
| 9 (RLIN) | 3380 |
| 245 10 - MENCION DE TITULO | |
| Título | Desarrollo de estrategias de conservación, restauración y manejo sostenible de los páramos, subpáramos y selvas altoandinas del nororiente colombiano |
| 260 ## - PUBLICACION, DISTRIBUCION, ETC. (PIE DE IMPRENTA) | |
| Lugar de publicación, distribución, etc. | Bucaramanga |
| Nombre del editor, distribuidor, etc. | CDMB |
| -- | CORPOCHIVOR |
| -- | Minambiente |
| -- | CORPOBOYACA |
| -- | CORPONOR |
| -- | CAS |
| Fecha de publicación, distribución, etc. | 2005 |
| 300 ## - DESCRIPCION FISICA | |
| Extensión | 108 páginas : |
| Otros detalles físicos | tablas, ilustraciones (algunas a color) ; |
| Dimensiones | 28 x 21 cm. |
| 650 #6 - ASIENTO SECUNDARIO DE MATERIA - TERMINO TEMATICO | |
| Término temático o nombre geográfico como elemento de entrada | Conservación de páramos |
| Subdivisión geográfica | Colombia |
| 9 (RLIN) | 44167 |
| 650 #6 - ASIENTO SECUNDARIO DE MATERIA - TERMINO TEMATICO | |
| Término temático o nombre geográfico como elemento de entrada | Conservación de páramos |
| Subdivisión general | Estrategias |
| Subdivisión geográfica | Colombia |
| 9 (RLIN) | 44168 |
| 650 #6 - ASIENTO SECUNDARIO DE MATERIA - TERMINO TEMATICO | |
| Término temático o nombre geográfico como elemento de entrada | Selva altoandina |
| Subdivisión general | Conservación |
| Subdivisión geográfica | Colombia |
| 9 (RLIN) | 44169 |
| 942 ## - ELEMENTOS ADICIONALES (KOHA) | |
| Tipo de ítem | Libro |
| Sistema de clasificación | Dewey Decimal Classification |
| Withdrawn status | Lost status | Sistema de Clasificación | Damaged status | No para préstamo | Colección | Inventariado | Ubicación Permanente | Ubicación actual | Fecha de adquisición | Fuente de Valor | Valor | Total Checkouts | Número topográfico | Inventario / Código de Barras | Date last seen | Ejemplar | Price effective from | Forma de adquisición | Tipo de material | Date checked out |
|---|---|---|---|---|---|---|---|---|---|---|---|---|---|---|---|---|---|---|---|---|
| Dewey Decimal Classification | General | Inventariado 2017 | Bogotá | Bogotá | 09/05/2007 | Instituto | 25000.00 | 1 | LB-577.687 D44d | 024053 | 12/06/2019 | Ej. 3 | 04/12/2012 | Libro | 12/06/2019 | |||||
| Dewey Decimal Classification | General | Inventariado 2017 | Bogotá | Bogotá | 28/01/2015 | Instituto | 25000.00 | 2 | LB-577.687 D44d | 038508 | 31/07/2015 | Ej. 4 | 28/01/2015 | Libro | 31/07/2015 | |||||
| Dewey Decimal Classification | General | Inventariado 2017 | Sala Fabio Quevedo | Sala Fabio Quevedo | 22/09/2006 | Instituto | 25000.00 | LB-577.687 D44d | 023318 | 18/04/2013 | Ej. 1 | 04/12/2012 | Donación | Libro | ||||||
| Dewey Decimal Classification | General | Inventariado 2017 | Sala Fabio Quevedo | Sala Fabio Quevedo | 18/08/2015 | Instituto | 25000.00 | LB-577.687 D44d | 038763 | 18/08/2015 | Ej. 5 | 18/08/2015 | Canje | Libro |